Województwa Polski - Statystyki

Ogólne statystyki
  • Ten quiz został rozwiązany 225 razy
  • Średni wynik to 15 z 16
Odpowiedzi na mapie
Odpowiedzi zakodowano w zielono-czerwonej skali na mapie do tego quizu, zgodnie z poniższymi procentami.
 
Statystyki odpowiedzi
Województwa % Poprawnych
Mazowieckie
97%
Pomorskie
95%
Lubelskie
94%
Lubuskie
94%
Małopolskie
94%
Podlaskie
94%
Śląskie
94%
Wielkopolskie
94%
Zachodnio Pomorskie
94%
Dolnośląskie
91%
Opolskie
91%
Warmińsko-Mazurskie
91%
Kujawsko-Pomorskie
90%
Łódzkie
90%
Podkarpackie
90%
Świętokrzyskie
89%
Nie znaleziono quizów pasujących do podanych kryteriów
Rozkład punktacji
Procent ludzi z każdym wynikiem
Percentyl według liczby udzielonych odpowiedzi
Twoja historia wyników
Nie rozwiązałeś tego quizu